Géographie par lettre #2 - M - Statistiques

Statistiques générales
  • Ce quiz a été pris 415 fois
  • Le résultat moyen est 11 sur 24
Statistiques - réponses
allusion réponse % Correct
La ville américaine la plus proche des Bahamas Miami
85%
Fort-de-France est sa capitale Martinique
80%
Le monarque et chef de l’État est Albert II Monaco
77%
Pays limitrophe du Niger Mali
76%
Ce viaduc français est le plus haut pont routier d'Europe Millau
74%
Quartier parisien contenant la basilique du Sacré-Cœur Montmartre
70%
2ème ville d'Australie Melbourne
69%
Cette île a voté pour rester en France lorsque les Comores ont voté pour devenir un pays indépendant Mayotte
58%
Un archipel du Portugal Madère
54%
Une partie de ce pays est Transnistrie autonome Moldavie
54%
Lieu d'une guerre de 1982 Îles {Malouines}
51%
Le point culminant de ce pays asiatique est de 2,4 mètres Maldives
47%
Cervin, Blanc, Zugspitze, Elbrouz montagnes
45%
Ville suisse qui accueille un célèbre festival de jazz Montreux
45%
Capitale nationale la plus proche du Swaziland Maputo
37%
2ème plus grande île des Baléares Minorque
37%
Un royaume 1910-1918 et un pays depuis 2006 Monténégro
37%
2ème ville de Colombie Medellín
36%
Plus grande ville sur le fleuve Amazone Manaus
30%
Préfecture de la département Moselle, sur la rivière Moselle Marseille
29%
Région comprenant les Fidji, les Salomon et la Nouvelle-Guinée Mélanésie
15%
La chaussée du roi Fahd relie l'Arabie Saoudite à cette ville Manama
13%
Île des Caraïbes et territoire britannique Montserrat
11%
Ville près de Ludwigshafen et Heidelberg Mannheim
10%
Aucun quiz correspondant
Distribution des résultats
% des personnes avec chaque résultat
Percentile par nombre de réponses
Votre historique - résultats
Vous n’avez pas pris ce quiz